Architectural conservation (Record no. 106123)

MARC details
000 -LEADER
fixed length control field 01299cam a2200241 4500
001 - CONTROL NUMBER
control field L135631
008 - FIXED-LENGTH DATA ELEMENTS--GENERAL INFORMATION
fixed length control field 061120n2006 000 0 eng u
020 ## - INTERNATIONAL STANDARD BOOK NUMBER
International Standard Book Number 1873394772
022 ## - INTERNATIONAL STANDARD SERIAL NUMBER
International Standard Serial Number 13556207
035 ## - SYSTEM CONTROL NUMBER
System control number (Sirsi) u135631
041 0# - LANGUAGE CODE
Language code of text/sound track or separate title eng
050 04 - LIBRARY OF CONGRESS CALL NUMBER
Classification number 690.241 $2 18
245 00 - TITLE STATEMENT
Title Architectural conservation
Remainder of title issues and developments
260 ## - PUBLICATION, DISTRIBUTION, ETC.
Place of publication, distribution, etc. Shaftesbury
Name of publisher, distributor, etc. Donhead Publishing
Date of publication, distribution, etc. 2006
300 ## - PHYSICAL DESCRIPTION
Extent 139p.
Dimensions 25cm.
505 1# - FORMATTED CONTENTS NOTE
Formatted contents note Facing up to challenges in architectual conservation -- Personal perspectives -- Protecting the historic environment -- The context for skills, education and training -- What direction for conservation? -- The American contrast -- All rosy in the garden? -- SAVE Britain's heritage and the amenity societies -- Scientific research into architectual conservation
520 ## - SUMMARY, ETC.
Summary, etc. Discusses conservation issues arising from a number of specific projects. Includes section on preserving historic landscapes, parks and gardens, the shortage of relevant skills, and the relationship between government and the historic sector. Appendix discusses the listing of buildings.
590 ## - LOCAL NOTE (RLIN)
Local note KA
651 #4 - SUBJECT ADDED ENTRY--GEOGRAPHIC NAME
Geographic name United Kingdom
Chronological subdivision
690 ## - LOCAL SUBJECT ADDED ENTRY--TOPICAL TERM (OCLC, RLIN)
Topical term or geographic name as entry element BUILT ENVIRONMENT-BUILDING MAINTENANCE AND REFURBISHMENT-BUILDING CONSERVATION
700 1# - ADDED ENTRY--PERSONAL NAME
Personal name Shacklock, Vincent
Relator term
942 ## - ADDED ENTRY ELEMENTS (KOHA)
Suppress in OPAC 0
Holdings
Withdrawn status Lost status Source of classification or shelving scheme Damaged status Not for loan Home library Current library Shelving location Date acquired Total Checkouts Full call number Barcode Date last seen Date last checked out Copy number Price effective from Koha item type
    Dewey Decimal Classification     London London Books 16/01/2007 7 690.241 ARC 30073469 06/08/2019 15/01/2009 1 06/08/2019 Book